000
00475nam a2200181Ia 4500
008
100917s9999 xx 000 0 und d
082
_b
59773
100
_a
देवळे अंबादास
245
_a
काजवे
260
_b
अनघा प्रकाशन
_c
1982
300
_a
108
365
_b
18
520
_a
कादंबरी
630
_a
काजवे
650
_a
कादंबरी
730
_a
काजवे
942
_c
BOOK
999
_c
665167
_d
665164